000 00367nam a2200145Ia 4500
008 230711s9999||||xx |||||||||||||| ||und||
041 _aENG
082 _a624
_bVK-S
100 _aV.Kalyan Raman
245 0 _aAdvances in steel structures
250 _a1ST
260 _c1990
_aNew Delhi
_bTata McGraw Hill Education Limited
650 _aCivil Engineering
942 _cBK
999 _c659
_d659